000 00602nam a2200205Ii 4500
003 JO-AjNU
008 230606s9999||||xx |||||||||||||| ||und||
020 _a978-0-19-967907-2
040 _aJO-AjNU
_beng
_erda
_cJO-AjNU
041 _aeng
050 1 4 _akz3410.a235.2015
100 3 _aAbass،Ademola,
_eauthor
_95220
245 0 0 _a International law
264 3 1 _aoxford : oxford university press، 2015
300 _a759p
336 _atext
_btxt
_2rdacontent
337 _aunmediated
_bn
_2rdamedia
338 _avolume
_bnc
_2rdacarrier
650 4 _aInternational law -- Outlines, syllabi
_95221
999 _aE2698
_c2696
_d2696